Pierwsze wyszukiwania, po wpisaniu do wikipedii "A" - Statystyki

Ogólne statystyki
  • Ten quiz został rozwiązany 25 razy
  • Średni wynik to 4 z 10
Statystyki odpowiedzi
Miejsce Hasło % Poprawnych
1 A
100%
2 Australia
55%
3 Austria
45%
4 Argentyna
40%
6 Adolf Hitler
35%
10 Azerbejdżan
35%
9 Adam Mickiewicz
30%
8 Anglia
30%
5 Auschwitz-Birkenau
20%
7 Autostrady i drogi ekspresowe w Polsce
15%
Nie znaleziono quizów pasujących do podanych kryteriów
Rozkład punktacji
Procent ludzi z każdym wynikiem
Percentyl według liczby udzielonych odpowiedzi
Twoja historia wyników
Nie rozwiązałeś tego quizu